书目信息 |
| 书名: | WINNING MODERN WARS | |
| 作者: | GENERAL WESLEY K.CLARK | |
| 分册号: | ||
| 分册名: | 出版地: | NEW YORK |
|
| 出版社: | PUBLICAFFAIRS | |
| 出版时间: | 2003 | |
| 页数: | 220P | |
| 开本: | 23CM | |
| 丛书名: | ||
| 中图分类号: | ||
| 科图分类号: | ||
| 其他分类号: | I712.45 | |
| 主题词: | ||
| 电子资源: | ||
| 000 | 00396nam0 2200145 450 | |
| 001 | 202012000893 | |
| 005 | 20121107162438.0 | |
| 008 | 12102501s | |
| 020 | @a9781586482770@c$15.00 | |
| 099 | @dI712.45@eG3269 | |
| 245 | 10 | @aWINNING MODERN WARS@cGENERAL WESLEY K.CLARK |
| 260 | 0 | @aNEW YORK@bPUBLICAFFAIRS@c2003 |
| 300 | @a220P@c23CM | |
| 905 | @b009587 | |
| 905 | @aTSG@dI712.45@eG3269 | |
| WINNING MODERN WARS / GENERAL WESLEY K.CLARK.-NEW YORK : PUBLICAFFAIRS , 2003 |
| 220P ; 23CM |
| ISBN 9781586482770$15.00 |
| ● |
| 相关链接 |
|
|
|
正题名:WINNING MODERN WARS
索取号:I712.45/G3269
 
预约/预借
| 序号 | 登录号 | 条形码 | 馆藏地/架位号 | 状态 | 备注 |
| 1 | 9587 | 300095876 | 文学库116/400A自科库 21排2列4层/ [索取号:I712.45/G3269] | 在馆 |